<?xml version="1.0" encoding="UTF-8"?>
<collection xmlns="http://www.loc.gov/MARC21/slim">
 <record>
  <leader>00565nam a22001455a 4500</leader>
  <controlfield tag="001">EUN.um013453</controlfield>
  <controlfield tag="003">AR-BaUNS</controlfield>
  <controlfield tag="005">20050623122856.0</controlfield>
  <controlfield tag="008">041125s1973####ag#a##########000#0#spa#d</controlfield>
  <datafield tag="245" ind1="1" ind2="0">
   <subfield code="a">Cuenca lechera del polo de desarrollo Bahía Blanca-Punta Alta. /</subfield>
   <subfield code="c">Universidad Nacional del Sur. Instituto de economía.</subfield>
  </datafield>
  <datafield tag="260" ind1=" " ind2=" ">
   <subfield code="a">Bahía Blanca,</subfield>
   <subfield code="c">1973.</subfield>
  </datafield>
  <datafield tag="300" ind1=" " ind2=" ">
   <subfield code="a">Paginación varia :</subfield>
   <subfield code="b">ilus. ;</subfield>
   <subfield code="c">28 cm.</subfield>
  </datafield>
  <datafield tag="082" ind1="0" ind2="4">
   <subfield code="a">338.17</subfield>
  </datafield>
  <datafield tag="110" ind1="2" ind2=" ">
   <subfield code="a">Universidad Nacional del Sur. Instituto de economía</subfield>
   <subfield code="c">Bahía Blanca.</subfield>
  </datafield>
  <datafield tag="859" ind1=" " ind2=" ">
   <subfield code="a">Ar-BaUNS</subfield>
   <subfield code="b">BIB. CENTRAL - Sector C</subfield>
   <subfield code="h">338.17</subfield>
   <subfield code="i">B148</subfield>
   <subfield code="p">67627/973</subfield>
  </datafield>
 </record>
</collection>
